Nezávislosť ústrednej banky. Nemôže byť tvrdá mena bez tvrdých menových opatrení.

Úvaha o potrebe nezávislosti ústrednej banky. Štyri štandardné funkcie ústrednej banky: je emisnou (cedulovou) bankou, je bankou pre komerčné banky, je bankou štátu a je správkyňou menových rezerv. Inštitucionálna, operačná, personálna a finančná nezávislosť ústrednej banky. Aktivita nemeckej a brit...

Ausführliche Beschreibung

Gespeichert in:
Bibliographische Detailangaben
1. Verfasser: Adamec, Štefan
Format: Buchkapitel
Sprache:Slowakisch
Schlagworte:
Tags: Tag hinzufügen
Keine Tags, Fügen Sie das erste Tag hinzu!

MARC

LEADER 00000naa a2200000 4500
001 r013316
005 20221213122919.1
041 0 |a slo 
044 |a SK 
245 1 0 |a Nezávislosť ústrednej banky.  |b Nemôže byť tvrdá mena bez tvrdých menových opatrení.  |c Štefan Adamec 
520 |a Úvaha o potrebe nezávislosti ústrednej banky. Štyri štandardné funkcie ústrednej banky: je emisnou (cedulovou) bankou, je bankou pre komerčné banky, je bankou štátu a je správkyňou menových rezerv. Inštitucionálna, operačná, personálna a finančná nezávislosť ústrednej banky. Aktivita nemeckej a britskej ústrednej banky. 
610 2 0 |a banky emisné 
610 2 0 |a mena 
610 2 0 |a bankovníctvo 
610 2 0 |a politika menová 
610 2 0 |a Slovensko 
610 2 0 |a Nemecko 
610 2 0 |a Veľká Británia 
100 1 |a Adamec, Štefan